000 00488nam a2200193Ia 4500
005 20250423095036.0
008 250422s9999 xx 000 0 und d
020 _a9781403144461
050 _aBP 602 .H833/
100 _aHubbard L. Ron
245 0 _aDianetics : the modern science of mental health
250 _aNew ed.
260 _aLos Angeles, California.
260 _bBridge Publications, Inc
260 _c2007
300 _a679 p
650 _aDianetics.
942 _cBK
999 _c29061
_d29061